000 00328pab a2200145 454500
008 180718b1986 xxu||||| |||| 00| 0 eng d
100 _aAshish, Madhava
245 _aPolitics and rural management
260 _c1986
300 _a40-6
362 _aJan.
650 _aRural Development
773 _aSeminar
909 _a17312
999 _c17312
_d17312